What Year Did It Happen? - Statistics

General Stats
  • This quiz has been taken 1,061 times
  • The average score is 11 of 16
Answer Stats
Hint Answer % Correct
Germany invades Poland, triggering World War II. 1939
92%
Wall Street crashes beginning the Great Depression. 1929
88%
The Vietnam War ends. 1975
88%
Christopher Columbus lands in the Bahamas. 1492
87%
The first iPhone is announced. 2007
86%
The Beatles perform live for the last time on the roof of Abbey Road Studios. 1969
79%
South Sudan is officially recognized by the United Nations. 2011
78%
William, Duke of Normandy (later William I) conquers England. 1066
68%
A Hindu extremist assassinates Mahatma Gandhi in New Delhi. 1948
68%
Nadia Comaneci gets a perfect 10 at the Montreal Olympics. 1976
66%
The Constitution of the United States is ratified. 1788
61%
South Carolina becomes the first state to secede from the United States. 1860
60%
Julia Child's cookbook Mastering the Art of French Cooking is released. 1961
42%
Pilgrims land on Plymouth Rock. 1620
33%
Mexico gains independence from Spain. 1821
33%
Giles Corey is pressed to death in an effort to get him to admit to witchcraft. 1692
22%
No matching quizzes found
Score Distribution
Percent of People with Each Score
Percentile by Number Answered
Your Score History
You have not taken this quiz